000 00805nam a2200241 a 4500
001
003 DO-SdBNP
005 20211104124144.0
008 100902s2009 dr c 000 0 spa d
040 _aDO-SdBNP
_bspa
_cBPMSU
049 _a
082 _a972.93053
_bP872b 2009
_222
100 1 _aPou Saleta, Poncio R.,
_d1922-2010
245 1 0 _aEn busca de la libertad :
_bmi lucha contra la tiranía trujillista /
_cPoncio R. Pou Saleta.
260 _aSanto Domingo :
_bLozano,
_c2009
300 _a488 p. ;
_c23 cm.
_b
500 _aIncluye datos biográficos del autor en las solapas
590 _a Inventariado, 2021/VM
600 1 4 _aPou Saleta, Poncio R.
_d1922-2010
_xBiografía
651 4 _aRepública Dominicana
_xHistoria
_xEra De Trujillo
_y1930-1961
910 _aVMateo V.
942 _2ddc
_cBK
999 _c13836
_d13836